Normal view
MARC view
Entry Personal Name
001 - CONTROL NUMBER
- control field: 7142
003 - CONTROL NUMBER IDENTIFIER
- control field: ARRUPE
005 - DATE AND TIME OF LATEST TRANSACTION
- control field: 20140128131057.0
008 - FIXED-LENGTH DATA ELEMENTS
- fixed length control field: 140128|| aca||aabn | a|a d
040 ## - CATALOGING SOURCE
- Original cataloging agency: ARRUPE
- Transcribing agency: ARRUPE
100 ## - HEADING--PERSONAL NAME
- Personal name: Francis, Leslie
670 ## - SOURCE DATA FOUND
- Source citation: Work cat.: (ARRUPE): Francis, Leslie, Christian perspectives on church schools, 1993